00635nam a2200229 a 4500001001300000003000900013005001700022008004100039020000800080082001300088245004200101260003100143300000800174500003500182505000800217650001700225710002400242902000800266942000700274952010900281999001500390nice12345678IN_TiNIC20260116011454.0050524s1938 lona grp 000 0 eng  ac000a955bISL aProceedings of the Iran Society Vol.1 aLondonbIran Societyc1938 a92p aincludes index and biblioraphy2 aIll aIran-History2 aIran Society London bSRS cBK 001040708StackRoom-aHMIbHMId2005-05-24g0.00l0o955 ISLp00527r2005-05-24v0.00w2005-05-24yBK c1841d1841